Marvel - Fiche personnage: Iron Man - Statistiques

Statistiques générales
  • Ce quiz a été pris 87 fois
  • Le résultat moyen est 18 sur 31
Statistiques - réponses
Hint Réponse % Correct
Nom civil Tony Stark
95%
2008 Iron Man
92%
2010 Iron Man 2
91%
2013 Iron Man 3
91%
2012 Avengers
88%
Avengers (3) Thanos
84%
2019 Avengers : Endgame
82%
Avengers (2) Ultron
81%
Nationalité Américain
80%
2018 Avengers : Infinity War
78%
2016 Captain America : Civil War
77%
2015 Avengers : L'Ère d'Ultron
76%
Que fabrique Stark Industries ? Des armes
76%
Acteur Robert Downey Jr.
76%
Avengers Loki
74%
Père Howard Stark
72%
Fiancée Pepper Potts
69%
Il se décrit comme un "génie, milliardaire, playboy,... Philanthrope"
62%
2017 Spider-Man : Homecoming
58%
Fille Morgan Stark
55%
2008 (Scène post-générique) L'Incroyable Hulk
51%
Iron Man 3 Le Mandarin
41%
Iron Man 2 Whiplash/Ivan Vanko
38%
Iron Man (1) Obadiah Stane/Iron Monger
34%
Iron Man 2 Justin Hammer
30%
Mère Maria Stark
28%
Nom complet Anthony Edward Stark
16%
Pour remédier à sa blessure à la poitrine, il construisit un cœur en... Palladium
14%
Date de décès 17 octobre 2023
9%
Date de naissance 29 mai 1970
9%
Acteur (version jeune) Davin Ransom
4%
Aucun quiz correspondant
Distribution des résultats
% des personnes avec chaque résultat
Percentile par nombre de réponses
Votre historique - résultats
Vous n’avez pas pris ce quiz